Ultimate Countries of the World Quiz - Statistics

General Stats
  • This quiz has been taken 1,387 times
  • The average score is 156 of 264
Answer Stats
NORTH AMERICA % Correct
United States of America
90%
Canada
89%
Mexico
85%
Brazil
80%
Cuba
80%
United Kingdom
80%
Panama
79%
France
78%
Argentina
77%
Honduras
77%
Bahamas
76%
Belize
76%
Bolivia
76%
Chile
76%
Colombia
76%
Dominica
76%
Haiti
76%
Ireland
76%
Peru
76%
Russia
76%
Spain
76%
Dominican Republic
75%
Germany
75%
Guatemala
75%
Jamaica
75%
Paraguay
75%
Portugal
75%
Uruguay
75%
Costa Rica
74%
El Salvador
74%
Italy
74%
Poland
74%
Sweden
74%
Andorra
73%
Australia
73%
Barbados
73%
Belgium
73%
China
73%
Denmark
73%
Ecuador
73%
Estonia
73%
Finland
73%
Latvia
73%
Norway
73%
Slovakia
73%
St. Lucia
73%
Ukraine
73%
Venezuela
73%
Albania
72%
Austria
72%
Iceland
72%
Nicaragua
72%
Vatican City
72%
Greece
71%
Guyana
71%
Lithuania
71%
Netherlands
71%
New Zealand
71%
Serbia
71%
St. Vincent and the Grenadines
71%
Suriname
71%
Bulgaria
70%
Croatia
70%
Czech Republic
70%
India
70%
Indonesia
70%
Iran
70%
Iraq
70%
Luxembourg
70%
Romania
70%
Slovenia
70%
Switzerland
70%
Afghanistan
69%
Algeria
69%
Armenia
69%
Belarus
69%
Bosnia and Herzegovina
69%
Cyprus
69%
Egypt
69%
Grenada
69%
Israel
69%
Japan
69%
Kosovo
69%
Liechtenstein
69%
Malta
69%
Monaco
69%
Oman
69%
Pakistan
69%
San Marino
69%
South Africa
69%
Trinidad and Tobago
69%
Turkey
69%
Vietnam
69%
Yemen
69%
Angola
68%
Antigua and Barbuda
68%
Hungary
68%
Kazakhstan
68%
Morocco
68%
Niger
68%
North Korea
68%
South Korea
68%
Sudan
68%
Uzbekistan
68%
Chad
67%
Fiji
67%
Jordan
67%
Nepal
67%
Qatar
67%
Republic of the Congo
67%
Saudi Arabia
67%
St. Kitts and Nevis
67%
Thailand
67%
United Arab Emirates
67%
Zimbabwe
67%
Azerbaijan
66%
Bahrain
66%
Libya
66%
Macedonia
66%
Mali
66%
Moldova
66%
Mongolia
66%
Montenegro
66%
Nigeria
66%
South Sudan
66%
Turkmenistan
66%
Zambia
66%
Bhutan
65%
Cambodia
65%
Georgia
65%
Ghana
65%
Guinea
65%
Kenya
65%
Laos
65%
Lebanon
65%
Malaysia
65%
Sri Lanka
65%
Tajikistan
65%
Togo
65%
Ethiopia
64%
Kuwait
64%
Maldives
64%
Mozambique
64%
Namibia
64%
Papua New Guinea
64%
Philippines
64%
Samoa
64%
Senegal
64%
Singapore
64%
Solomon Islands
64%
Syria
64%
Taiwan
64%
Tunisia
64%
Bangladesh
63%
Benin
63%
Botswana
63%
Brunei
63%
Gabon
63%
Gambia
63%
Kyrgyzstan
63%
Liberia
63%
Marshall Islands
63%
Myanmar (Burma)
63%
Palau
63%
Rwanda
63%
Somalia
63%
Tanzania
63%
Tonga
63%
Burundi
62%
Cape Verde
62%
Central African Republic
62%
Comoros
62%
Djibouti
62%
Federated States of Micronesia
62%
Lesotho
62%
Nauru
62%
Tuvalu
62%
Uganda
62%
Cameroon
61%
Eritrea
61%
Guinea-Bissau
61%
Madagascar
61%
Mauritania
61%
Mauritius
61%
Seychelles
61%
Côte d'Ivoire (Ivory Coast)
60%
Kiribati
60%
Malawi
60%
Sierra Leone
60%
Burkina Faso
59%
Equatorial Guinea
59%
Timor-Leste (East Timor)
59%
Vanuatu
59%
Greenland
56%
Palestine
55%
Swaziland
55%
Puerto Rico
54%
São Tomé and Principe
52%
Aruba
51%
Falkland Islands
51%
Bermuda
49%
U.S. Virgin Islands
49%
Democratic Republic of the Congo
46%
Curaçao
45%
Faroe Islands
45%
French Guiana
44%
Guam
44%
British Virgin Islands
42%
Scotland
42%
Wales
42%
Gibraltar
41%
Hong Kong
41%
Sahrawi Arab Democratic Republic (Western Sahara)
41%
American Samoa
39%
Cayman Islands
39%
Cook Islands
39%
Guadeloupe
39%
Martinique
39%
England
38%
St. Martin
38%
Isle of Man
37%
Northern Ireland
37%
Turks and Caicos
37%
Anguilla
36%
Jersey
36%
French Polynesia
35%
Montserrat
35%
Niue
35%
Guernsey
34%
Macau
34%
New Caledonia
33%
Christmas Island
32%
Easter Island
32%
Bonaire
31%
Sint Maarten
31%
Somaliland
31%
Northern Cyprus
30%
Réunion
30%
Abkhazia
29%
South Ossetia
29%
Svalbard
29%
South Georgia and South Sandwich Islands
27%
St. Pierre and Miquelon
26%
Tibet
25%
Åland Islands
24%
Norfolk Island
24%
Northern Mariana Islands
24%
Pitcairn Islands
24%
Transnistria
24%
Wallis and Futuna
24%
Iraqi Kurdistan
23%
Mayotte
23%
St. Helena
23%
Tokelau
23%
Zanzibar
23%
St. Barthélemy
22%
Saba
20%
Cocos (Keeling) Islands
19%
Akrotiri and Dhekelia
18%
Ascension Island
18%
Tristan da Cunha
18%
Sint Eustasius
17%
Nagorno-Karabakh
15%
Cyrenaica
4%
No matching quizzes found
Score Distribution
Percent of People with Each Score
Percentile by Number Answered
Your Score History
You have not taken this quiz